000 01613nam a2200301 a 4500
001 000014112
003 OSt
005 20260321073639.0
008 091204s2009 dr a 000 0 spa d
020 _a9789945406986
040 _aDO-SdBNP
_bspa
_cBNPHU
049 _aBNPD
082 _a923.27293
_bB742G
100 1 _aGuzmán Madera, Mildred
_931935
245 1 3 _aEl Bosch que yo conocí /
_cMildred Guzmán Madera ; corrección Diógenes Céspedes.
260 _aSanto Domingo :
_bAlfa y Omega,
_c2009.
300 _a461 p. :
_bil. ;
_c22 cm.
504 _aIncluye referencias bibliográficas y notas al pie de las páginas
505 1 _aAgradecimiento -- Introducción -- Un sueño hecho relidad -- Bosquejo cronológico-político de acontecimientos relevantes en la historia y en la vida de Juan Bosch (1961-1990) -- Capítulo 1. Mis vivencias -- Capítulo 2. De regreso a la oficina de Juan Bosch -- Capítulo 3. Juan Bosch como educador -- Capítulo 4. Juan Bosch como político -- Capítulo 5. Juan Bosch el líder -- Capítulo 6. Lo que poca gente sabe -- Capítulo 7. Algo más sobre Juan Bosch -- Capítulo 8. Selección de algunas correspondencias recibidas y enviadas -- Anexos.
600 1 0 _a Bosch, Juan,
_d1909-2001
_vCorrespondencias, memorias, etc.
_976555
650 0 _aLiderazgo
_zRepública Dominicana
_92140
650 4 _aLiderazgo político
_9678
651 0 _aRepública Dominicana
_xPolítica y gobierno
_945
651 4 _aRepública dominicana
_xHistoria
_9170
700 1 _aCéspedes, Diógenes,
_d1941-
_920548
910 _aValidado. Control de calidad BNPHU
942 _2ddc
_cLBS1
999 _c13714
_d13714